| 000 | 00542nam a22001697a 4500 | ||
|---|---|---|---|
| 020 | _a1-56032-839-8 | ||
| 082 | _a620.4022 SIE | ||
| 100 | _aRobert Siegel and John Howell | ||
| 245 |
_aThermal Radiation Heat Transfer / _b4th Edition _cSiegel, Robert |
||
| 250 | _a4th. ed. | ||
| 260 |
_aNew York(London): _bTaylor & Francis, _c2002. |
||
| 300 |
_a868 p. : _bill. ; _c50cm. |
||
| 650 |
_aHeat Rediation and Absorption. _983039 |
||
| 700 |
_aROBERT SIEGEL. _983040 |
||
| 942 |
_2ddc _cBK |
||
| 999 |
_c586498 _d586498 |
||